Metalwork of the Islamic world : the Aron collection /
محفوظ في:
المؤلف الرئيسي:
مؤلفون آخرون:
التنسيق: كتاب
اللغة: English
منشور في:
London :
Sotheby's,
1986.
الموضوعات:
الوسوم: إضافة وسم
لا توجد وسوم, كن أول من يضع وسما على هذه التسجيلة!
رقم الطلب: ( F )NK6408.9 .A54x 1986
| LEADER | 00704nam a22002297a 4500 | ||
|---|---|---|---|
| 001 | 86050736 | ||
| 003 | OSt | ||
| 005 | 20240219105350.0 | ||
| 008 | 860612s1986 enk eng | ||
| 999 | |c 56829 |d 56829 | ||
| 020 | |a 0856673277 | ||
| 040 | |c ARCE Library | ||
| 050 | 4 | |a ( F )NK6408.9 .A54x 1986 | |
| 100 | 1 | |a Allan, James W. | |
| 245 | 1 | 0 | |a Metalwork of the Islamic world : |b the Aron collection / |c James W. Allan ; all photographs by Valerio Ricciardi. |
| 260 | |a London : |b Sotheby's, |c 1986. | ||
| 300 | |a 168 p. : |b ill. (some col.) ; |c 34 cm. | ||
| 650 | 0 | |a Art -- Private collections. | |
| 650 | 0 | |a Islamic art -- metal-work. | |
| 700 | 1 | |a Ricciardi, Valerio. | |
| 901 | |a reviewed | ||
| 942 | |2 lcc |c BK | ||
